[Event "Magistral Osasco 60 Anos 2022"]
[Site "Sao Paolo"]
[Date "2022.02.27"]
[Round "9.5"]
[White "Cubas, Jose Fernando"]
[Black "Rodi, Luis Ernesto"]
[Result "1/2-1/2"]
[WhiteElo "2469"]
[BlackElo "2347"]
[Annotator "TA"]
[PlyCount "116"]
[EventDate "2022.02.19"]
[EventType "tourn"]
[EventCountry "BRA"]
[SourceTitle "playchess.com"]
[Source "ChessBase"]
[SourceQuality "1"]

{[%evp 14,116,18,8,26,8,41,53,63,40,35,37,54,49,45,22,31,24,23,-2,-8,-13,0,0,0,-14,-10,-6,0,-33,-36,-36,0,0,0,0,0,0,0,0,0,0,0,0,0,-12,-15,-18,0,-86,-70,-80,-22,-60,-22,-24,-10,-25,0,0,0,0,233,252,251,250,240,164,164,163,170,170,202,202,266,106,100,27,27,84,62,0,0,0,0,0,0,0,0,0,0,-1789,0,0,0,0,0,0,0,0,0,0,0,0,0]} 1. e4 e5 2. Nf3 Nc6 3. Bc4 Bc5 4. c3 Nf6 5. d3 d6 6. Bb3 a6 7. h3 Ba7 8. Nbd2 {[%cal Bb1d2,Bd2f1,Bf1e3,Be3f5][%mdl 32]} h6 {C54: Giuoco Piano: 4 c3 Nf6, main lines with 5 d4 and 5 d3.} 9. Nf1 g5 10. Be3 Qe7 {White is slightly better.} 11. Bxa7 Nxa7 12. Ne3 Nc6 {[#]} 13. Qd2 $146 ({Predecessor:} 13. Qe2 Be6 14. Nd5 Bxd5 15. exd5 Nb8 16. O-O-O Nbd7 17. d4 O-O-O 18. dxe5 dxe5 19. Rhe1 {0-1 (27) Saya,E (2219)-Tang,A (2538) Chess.com INT 2020}) 13... Bd7 14. O-O-O O-O-O 15. Rhe1 Qf8 16. g4 Ne7 17. Nf5 Be6 18. Qe3 Kb8 19. d4 Bxb3 20. axb3 Nxf5 21. exf5 (21. gxf5 $5 {[%cal Rd4e5]} Qe7 22. dxe5 dxe5 23. Rxd8+ Rxd8 24. Rd1 $11) 21... e4 22. Nd2 d5 23. f3 Re8 {[%cal Bd8e8,Be8e4,Be4f4][%mdl 32]} 24. fxe4 Nxe4 25. Nxe4 Rxe4 26. Qg3 Rf4 27. Re5 Qd6 28. Qe3 Ka7 29. Qe2 h5 30. gxh5 Rh4 31. Qg2 (31. Re7 $11) 31... f6 $17 32. Rxd5 {[#]} Qf4+ (32... Qe7 $1 $17 33. Rd2 c6) 33. Kb1 R8xh5 {Strongly threatening ...g4.} 34. Rf1 $1 Qe3 {[%cal Og5g4][%mdl 1024] Black has compensation.} 35. Rd7 Qd3+ 36. Ka2 Qb5 37. Rd5 $40 {[%mdl 128] White is up to no good.} Qc6 (37... Qe8 $11 {and Black stays safe.}) 38. Re1 $18 {And now Re6 would win.} Qb6 39. Re6 c6 40. Rc5 Rxh3 41. Rxf6 {Threatens to win with Rf7.} Rh2 42. Qg3 {Rf8 would kill now.} Qd8 {Prevents Rf8.} 43. Qe5 {[%cal Oc5c6] White threatens Rcxc6! and mate.} Qb8 44. Qe7 $2 (44. Rg6 $18 {is more deadly.}) 44... Rh7 $16 45. Rf7 (45. Qe6 $16) 45... Rxf7 $11 46. Qxf7 {[%mdl 4096] Endgame KQR-KQR} Qf4 47. Rxc6 ({White should play} 47. Ka3 $1 $14 Qd6 48. Qg6) 47... Qd2 {[%csl Gh2][%cal Rd2b2]} (47... Qc1 $2 {[#]} 48. Rxa6+ $3 {[%mdl 512]} Kxa6 49. Qc4+ Kb6 50. Qc5+ Ka6 51. Qa3+ Kb6 52. Qd6+ Ka7 53. Qxh2 $18) 48. Ka3 Qxb2+ 49. Kb4 {Threatening mate with Qc7.} Qe2 {( -> ...Qb5+)} 50. Rc5 {To avoid Qb5+} Rh6 $1 {White must now prevent ...Qf1.} 51. Ka3 {Qf8 is the strong threat.} Qf1 (51... Rh2 52. Qf8 (52. Kb4 Rh6 $11) 52... Rh7 53. f6 $18) 52. Re5 $2 {[%mdl 8192]} (52. Qf8 $11 Qa1+ 53. Kb4 Rb6+ 54. Kc4) 52... Rb6 $2 ({Black should try} 52... Qa1+ $19 53. Kb4 Rb6+ 54. Kc4 Qf1+ 55. Kd5 Qf3+ 56. Kc4 g4) 53. b4 {The position is equal.} Qc1+ 54. Kb3 Qb1+ 55. Ka3 $1 {Active counter play!} Qc1+ 56. Kb3 Qb1+ 57. Ka3 $1 Qc1+ 58. Kb3 Qb1+ {Quite a comeback for White.  Weighted Error Value: White=0.34/Black=0.24 (precise)} 1/2-1/2